000 00771 a2200277 4500
001 8947
003 Complexo Educacional Contemporaneo
005 20230919130203.0
008 201026s2011 r por d
020 _a978-85-61596-14-9
040 _aComplexo Educacional Contemporaneo
_bpor
080 _a087.5
082 _a087.5
090 _a087.5 F992a
_bAP
_dCoisa da Criança
100 _aFurtado, Mario Eustáquio
240 1 0 _aAna e meu pai
_lPortuguês
260 _aLondrina
_bMEF Distribuidora de livros LTDA
_c2011
300 _a16p.
362 0 _a(2011)
650 4 _aFamília
650 4 _aLiteratura Infantil
650 4 _aPouca Leitura
650 4 _aRelações Sociais
245 1 0 _aAna e meu pai
999 _c8947
_d8947